000 01302nam a2200337 i 4500
005 20200104041608.0
008 160107s2008 ck ab |r ||| 00|spasda d
040 _aCO-BoIAVH
_cCO-BoIAVH
041 _aspa
044 _ack
082 0 4 _a577.6
_bT86f
100 1 _aTrujillo, Fernando
245 _aFauna acuática amenazada en la Amazonía colombiana :
_bAnálisis y propuestas para su conservación /
_cFernando Trujillo y (otros tres autores).
260 _aBogotá :
_bFundación Omacha :
_bFundación Natura :
_bSinchi :
_bCorpoamazonía,
_c2008.
300 _a150 páginas :
_bilustraciones y mapas ;
_c24 cm.
650 1 4 _aFauna de agua dulce
650 2 4 _aEcología acuática
650 2 4 _aHábitat acuático
650 2 4 _aFauna marina
650 2 4 _aConservación biológica
650 2 4 _aConservación de la naturaleza
650 2 4 _aConservación del hábitat
650 2 4 _aZoología
_xConservación de especies
650 2 4 _aConservacón de los recursos acuáticos
662 _aColombia
_cAmazonía
700 1 _aAlonso, Juan Carlos
_eautor
700 1 _aDiazgranados, María Claudia
_eautor
700 1 _aGómez, Catalina
_eautor
942 _cLIBRO
_2ddc
_01
945 _d2008-06-12
999 _c6301
_d6301